| 000 | 00771nam a2200205 i 4500 | ||
|---|---|---|---|
| 001 | 43081 | ||
| 003 | ES-MaACL | ||
| 005 | 20250722131902.0 | ||
| 007 | t| | ||
| 008 | 030314s1953 sp ||||1| spa d | ||
| 100 | 1 |
_aCastro, Rosalía de, _d1837-1885 _9147676 |
|
| 245 | 1 | 0 |
_aInéditos de Rosalía / _cRosalía de Castro, Juan Naya Pérez ; prólogo del Marqués de Figueroa. |
| 260 |
_aSantiago de Compostela : _b[s.n.], _c1953 ( _ePontevedra : _fPeón) |
||
| 300 |
_a113 p., 3 lám. : _bretr. aut. ; _c21 cm. |
||
| 500 | _aEs separata: Patronato Rosalía de Castro. | ||
| 700 | 1 |
_aNaya Pérez, Juan. _985242 |
|
| 700 | 1 |
_aFigueroa, Juan Armada y Losada, _cMarqués de, _d1861-1932 _950781 |
|
| 852 |
_aES-MaACL _jC-6217 _bR.35487 |
||
| 999 |
_c43081 _d43081 |
||